Vliv stupňovaného hnojení N na příjem Mg trávním porostem při lúčním a pastevním využití

Bibliographic Details
Main Author: Toman, P. (Author)
Format: Article
Language:Slovak
PhysicalDescription:Tb. 5. Grafy 4. Res. rus., angl.
Subjects:

MARC

LEADER 00000nab a2200000 a 4500
001 vtls000108728
003 SK-MaSNL
005 20260303024315.0
008 111031c1981 xo 0 slo
015 |a SNBRA19rr/mm-uuuuu 
035 |a CL0118831 
040 |a SNKBUCL  |b slo  |c SNKBUCL  |e AACR2 
041 0 |a slo 
044 |a xo  |c SK 
080 |a 633.2/.3  |2 1981 
080 |a 631.8  |2 1981 
080 |a 636.08  |2 1981 
100 1 |a Toman, P.  |4 aut  |9 795123 
245 1 0 |a Vliv stupňovaného hnojení N na příjem Mg trávním porostem při lúčním a pastevním využití  |c P. Toman 
300 |b Tb. 5. Grafy 4. Res. rus., angl. 
650 0 7 |a trávne porasty  |2 snkbucl  |9 3678 
650 0 7 |a dusíkaté hnojivá  |2 snkbucl  |9 17141 
655 7 |a články zo zborníkov  |2 snkbucl  |9 166140 
773 0 |t Vedecké práce Výskumného ústavu lúk a pasienkov v Banskej Bystrici 15  |d Bratislava : Príroda, 1981  |g S. 39-52 
850 |a Slovenská národná knižnica v Martine  |a MTA001 
852 |a SNK  |b KIS3GCP 
958 |a RK 
992 |a RZB 
999 |c 1639713  |d 1641643